<?xml version="1.0" encoding="UTF-8"?>
<collection xmlns="http://www.loc.gov/MARC21/slim">
 <record>
  <leader>00976cam a2200169 7i4500</leader>
  <controlfield tag="001">0000141246</controlfield>
  <controlfield tag="005">20100427090000.0</controlfield>
  <controlfield tag="002">  0000006327</controlfield>
  <datafield tag="090" ind1="0" ind2="0">
   <subfield code="a">LP 20 FMSM 2 2008 </subfield>
  </datafield>
  <datafield tag="100" ind1="0" ind2="#">
   <subfield code="a">Mohd Sobri Amri Mohd Noor </subfield>
  </datafield>
  <datafield tag="245" ind1="1" ind2="4">
   <subfield code="a">The effect of monsoon on the distribution of fecal coliform and Escherichia coli (E. coli) in cultured oysters (Crassostrea iredalei), surrounding waters and sediments of Setiu Lagoon, Terengganu, South China Sea  </subfield>
   <subfield code="c">Mohd Sobri Amri Mohd Noor.</subfield>
  </datafield>
  <datafield tag="260" ind1="#" ind2="#">
   <subfield code="a">Terengganu: </subfield>
   <subfield code="b">Universiti Malaysia Terengganu, </subfield>
   <subfield code="c">2008.</subfield>
  </datafield>
  <datafield tag="300" ind1=" " ind2=" ">
   <subfield code="a">xiv, 113 p.: </subfield>
   <subfield code="b">ill.; </subfield>
   <subfield code="c">30 cm..</subfield>
  </datafield>
  <datafield tag="502" ind1="#" ind2="#">
   <subfield code="a">Research Report FMSM (Degree of Bachelor of Science - Marine Science) 2008</subfield>
  </datafield>
  <datafield tag="520" ind1="3" ind2="#">
   <subfield code="a">This study was carried out to study the levels of fecal contamination in Setiu Lagoon and the monsoon effects as well as to determine whether the cultured oysters in the lagoon are safe for human consumption</subfield>
  </datafield>
  <datafield tag="602" ind1="#" ind2="#">
   <subfield code="a">Laporan Projek FMSM 2008</subfield>
  </datafield>
  <datafield tag="999" ind1=" " ind2=" ">
   <subfield code="a">1100061797</subfield>
   <subfield code="b">Book</subfield>
   <subfield code="c">LAPORAN PROJEK</subfield>
   <subfield code="e">KOLEKSI KHAS</subfield>
  </datafield>
 </record>
</collection>
